[Event "Portoroz op"]
[Site "Portoroz"]
[Date "1995.??.??"]
[Round "?"]
[White "Jenssen, Jens"]
[Black "Sosic, V."]
[Result "1-0"]
[WhiteElo "2175"]
[BlackElo "1850"]
[PlyCount "105"]
[EventDate "1995.04.??"]
[EventType "swiss"]
[EventRounds "9"]
[EventCountry "SLO"]
[SourceTitle "CBM 046 Extra"]
[Source "ChessBase"]
[SourceDate "1995.07.01"]
[SourceVersion "1"]
[SourceVersionDate "1995.07.01"]
[SourceQuality "1"]

1. e4 Nc6 2. Nf3 e5 3. Nc3 Nf6 4. d4 exd4 5. Nd5 Nxd5 6. exd5 Bb4+ 7. Bd2 Qe7+ 8. Qe2 Bxd2+ 9. Kxd2 Qxe2+ 10. Bxe2 Nb4 11. d6 cxd6 12. Nxd4 0-0 13. Nb5 d5 14. Nd6 Nc6 15. Bf3 d4 16. Rae1 b6 17. Bd5 Rb8 18. Nxf7 Bb7 19. Nd6+ Kh8 20. f3 Nd8 21. Bxb7 Nxb7 22. Nxb7 Rxb7 23. Re4 Rc7 24. Rhe1 Kg8 25. Rxd4 Kf7 26. Rf4+ Kg8 27. Rfe4 Kf7 28. c3 b5 29. Kd3 Kg6 30. Rg4+ Kf7 31. Re5 a6 32. Rd4 Rd8 33. Rf4+ Kg8 34. Re7 Rf8 35. Rd4 Rf7 36. Rxf7 Kxf7 37. Rd6 a5 38. Rd5 Rb7 39. Kd4 Ke6 40. h4 d6 41. Rg5 a4 42. a3 g6 43. Ke4 Rc7 44. h5 d5+ 45. Ke3 gxh5 46. Rxh5 Kd6 47. f4 Re7+ 48. Kf3 Rd7 49. g4 Kc5 50. f5 Kc4 51. Rh2 Kb3 52. g5 Rg7 53. Kf4 1-0

[Event "Portoroz op"]
[Site "Portoroz"]
[Date "1995.??.??"]
[Round "?"]
[White "Kocman, Milan"]
[Black "Sosic, V."]
[Result "0-1"]
[WhiteElo "2080"]
[BlackElo "1850"]
[PlyCount "62"]
[EventDate "1995.04.??"]
[EventType "swiss"]
[EventRounds "9"]
[EventCountry "SLO"]
[SourceTitle "CBM 046 Extra"]
[Source "ChessBase"]
[SourceDate "1995.07.01"]
[SourceVersion "1"]
[SourceVersionDate "1995.07.01"]
[SourceQuality "1"]

1. e4 Nc6 2. d4 e5 3. dxe5 Nxe5 4. Nf3 Nxf3+ 5. Qxf3 Qf6 6. Qg3 Bd6 7. f4 Be7 8. Nc3 c6 9. h4 Qg6 10. Qf3 d6 11. f5 Qf6 12. Be3 Bd7 13. 0-0-0 h5 14. Kb1 Qe5 15. Bd4 Qa5 16. Bxg7 Rh7 17. f6 Bg4 18. Qf2 Bxd1 19. Nxd1 Qe5 20. Rh3 Nxf6 21. Bxf6 Qxf6 22. Rf3 Qxh4 23. g3 Qg4 24. Ne3 Qd7 25. Bd3 h4 26. e5 hxg3 27. Qxg3 Rh1+ 28. Nf1 dxe5 29. Qxe5 Qe6 30. Qg3 Bh4 31. Qg8+ Ke7 0-1